Advanced Control of a Laboratory Distillation Column
Na minha lista:
| Autor principal: | |
|---|---|
| Outros Autores: | |
| Formato: | Manuscrito Livro |
| Idioma: | eslovaco inglês |
| Publicado em: |
2025
|
| Assuntos: | |
| Acesso em linha: | http://is.stuba.sk/zp/portal_zp.pl?podrobnosti=185101 |
| Tags: |
Sem tags, seja o primeiro a adicionar uma tag!
|
MARC
| LEADER | 00000ntm a22000003a 4500 | ||
|---|---|---|---|
| 001 | stuzp105127 | ||
| 003 | SK-STU | ||
| 005 | 20250607211153.5 | ||
| 007 | ta | ||
| 008 | 150427s2015----xo-----f-mn---000-0-slo-d | ||
| 040 | |a STU |b slo | ||
| 041 | 0 | |a eng | |
| 100 | 1 | |a Micherda, Marko |u 047220 |4 aut |U FCHPT Ústav informatizácie, automatizácie a matematiky |T FCHPT Oddelenie informatizácie a riadenia procesov |X 105389 |U C7220 |Y 121 |7 105389 | |
| 242 | 0 | 1 | |a Pokročilé riadenie laboratórnej destilačnej kolóny |y slo |
| 245 | 1 | 0 | |a Advanced Control of a Laboratory Distillation Column |
| 260 | |c 2025 | ||
| 650 | 4 | |a PI controller |2 eng | |
| 650 | 4 | |a LQR control |2 eng | |
| 650 | 4 | |a distillation column |2 eng | |
| 650 | 4 | |a destilačná kolóna |2 slo | |
| 650 | 4 | |a PI regulátor |2 slo | |
| 650 | 4 | |a LQR riadenie |2 slo | |
| 700 | 1 | |a Paulen, Radoslav |u 047220 |k Z1 |4 ths |U FCHPT Ústav informatizácie, automatizácie a matematiky |T FCHPT Oddelenie informatizácie a riadenia procesov |X 22507 |U C7220 |Y 121 |7 A000022507 | |
| 856 | 4 | |u http://is.stuba.sk/zp/portal_zp.pl?podrobnosti=185101 | |